书目信息 |
| 题名: |
北京城百年影像记
|
|
| 作者: | 林京 著 | |
| 分册: | ||
| 出版信息: | 故宫出版社 2016.08 |
|
| 页数: | 406页 | |
| 开本: | 20cm | |
| 丛书名: | ||
| 单 册: | ||
| 中图分类: | K291 | |
| 科图分类: | ||
| 主题词: | 中国--地方史 , 中国--地方志 | |
| 电子资源: | ||
| ISBN: | 978-7-5134-0863-9 | |
| 000 | 00540nam0 2200193 45 | |
| 001 | 1959253123 | |
| 005 | 20190611162900.42 | |
| 010 | @a978-7-5134-0863-9@dRMB 76.00 | |
| 100 | @a20190611d2016 km y0chiy0120 ea | |
| 101 | 0 | @achi |
| 200 | 1 | @a北京城百年影像记@Abei jing cheng bai nian ying xiang ji@f林京著@Flin jing zhu |
| 210 | @c故宫出版社@d2016.08 | |
| 215 | @a406页@d20cm | |
| 606 | 0 | @a中国@x地方史 |
| 606 | 0 | @a中国@x地方志 |
| 690 | @aK291@v4 | |
| 701 | 0 | @a林京@Alin jing@4著 |
| 801 | 0 | @aCN@bPFT@c20190611 |
| 905 | @a10447@dK291@eL502 | |
| 北京城百年影像记/林京著.-故宫出版社,2016.08 |
| 406页;20cm |
| ISBN 978-7-5134-0863-9:RMB 76.00 |
| ● |
| 相关链接 |
|
|
|
正题名:北京城百年影像记
索取号:K291/L502
 
预约/预借
| 序号 | 登录号 | 条形码 | 馆藏地/架位号 | 状态 | 备注 |
| 1 | 1304150 | 213041509 | 建筑与城市规划学院资料室/ [索取号:K291/L502] | 在馆 |